Information warfare at the strategic level and implications on future wars (Record no. 492932)

000 -LEADER
fixed length control field 00537cam a22001457a 4500
008 - FIXED-LENGTH DATA ELEMENTS--GENERAL INFORMATION
fixed length control field 180718b2004 xxu||||| |||| 00| 0 eng d
082 ## - DEWEY DECIMAL CLASSIFICATION NUMBER
Classification number APPPA 2003-04 MAN/21
100 ## - MAIN ENTRY--PERSONAL NAME
Personal name Mankikar, Jayant S.
245 ## - TITLE STATEMENT
Title Information warfare at the strategic level and implications on future wars
Statement of responsibility, etc. by Jayant S. Mankikar
260 ## - PUBLICATION, DISTRIBUTION, ETC.
Place of publication, distribution, etc. New Delhi
Name of publisher, distributor, etc. Indian Institute of Public Administration
Date of publication, distribution, etc. 2004
300 ## - PHYSICAL DESCRIPTION
Extent 127p.
500 ## - GENERAL NOTE
General note An APPPA M.Phil dissertation, 2003-04 (Guide: Dr. R.K. Sachdeva)
650 ## - SUBJECT ADDED ENTRY--TOPICAL TERM
Topical term or geographic name entry element Information revolution
650 ## - SUBJECT ADDED ENTRY--TOPICAL TERM
Topical term or geographic name entry element Warfare
Holdings
Withdrawn status Lost status Damaged status Not for loan Permanent Location Current Location Date acquired Full call number Barcode Date last seen Price effective from Koha item type
        Indian Institute of Public Administration Indian Institute of Public Administration 2018-08-04 APPPA 2003-04 MAN/21 GR16985 2018-08-04 2018-08-04 GR

Powered by Koha